Movies Quiz

Random Movies or Automobiles Quiz

Stolen Movie Vehicles Quiz Stats

 Plays Quiz Updated Oct 6, 2017

Challenge
Share
Tweet
Embed
Score 0/20 Timer 05:00
10 Plays Today
Question Answer Wrong Answers
Dude, Where's My __?
(2000)
Car
98.2%
Plane
0.6%
Train
0.3%
Boat
0.8%
__ Driver
(1976)
Taxi
97.4%
Truck
1.1%
Van
0.2%
Train
0.4%
Snakes on a __
(2006)
Plane
97.4%
Yacht
0.5%
Tram
0.4%
Bus
0.4%
Planes, Trains & __
(1987)
Automobiles
94.5%
Taxis
0.6%
Buses
1.9%
Trams
0.5%
A __ Named Desire
(1951)
Streetcar
93.5%
Tram
1.6%
Train
1.3%
Bus
1.4%
__ Stop
(1956)
Bus
93.3%
Train
1.9%
Tram
1.4%
Taxi
1%
Yellow __
(1968)
Submarine
90.1%
Van
0.4%
Taxi
8.4%
Plane
0.1%
Monster __
(2016)
Trucks
88.7%
Cars
7.5%
Ships
0.7%
Jets
0.6%
Ghost __
(2002)
Ship
88.7%
Bus
2.2%
Car
3.9%
Truck
2.2%
Show __
(1951)
Boat
87.7%
Car
6.9%
Bus
1.8%
Train
0.8%
__ II: The Sequel
(1982)
Airplane
87.4%
Rocket
1.9%
Taxi
4.6%
Car
4.3%
Das __
(1981)
Boot
86.3%
Auto
9.3%
Flugzeug
2.3%
Schiff
1.4%
The __ Diaries
(2004)
Motorcycle
83.4%
Airplane
4.6%
Shortbus
5.3%
Automobile
4%
The Girl on the __
(2016)
Train
78.2%
Plane
2.2%
Bus
13.6%
Tram
3.8%
Strangers on a __
(1951)
Train
76.2%
Plane
12.2%
Bus
7%
Tram
2.6%
__ of Fools
(1965)
Ship
75.4%
Train
15.6%
Balloon
2.4%
Boat
5.9%
__ Thieves
(1948)
Bicycle
60%
Car
28.1%
Motor
7.8%
Bus
1%
__ Trip
(2002)
Boat
50.6%
Car
30.4%
Plane
4.5%
Bike
11.6%
The War __
(1967)
Wagon
50%
Train
16.1%
Coach
7.2%
Plane
23.4%
The __ That Ate Paris
(1974)
Cars
34.6%
Trains
25.6%
Planes
12.2%
Trucks
25.7%

You're not logged in!

Compare scores with friends on all Sporcle quizzes.
OR
Log In

You Might Also Like...

Show Comments

Extras

Top Quizzes Today


Score Distribution

Your Account Isn't Verified!

In order to create a playlist on Sporcle, you need to verify the email address you used during registration. Go to your Sporcle Settings to finish the process.

Report this User

Report this user for behavior that violates our Community Guidelines.

Details: